Statistics for My Band - D12 Lyric Quiz

Click here to take the quiz!

General Stats

  • This quiz has been taken 113 times
  • The average score is 676 of 985

Answer Stats

Lyrics% Correct
| .I
99%
i
99%
n
99%
my
97%
my band x 9
97%
of
96%
the
96%
a
95%
band
95%
do
95%
know
92%
me
92%
name
92%
don't
91%
they
91%
to
91%
an
90%
chicks
90%
like
90%
on
90%
when
90%
all
88%
be
88%
I'm
88%
lead
88%
singer
88%
these
88%
go
87%
So
87%
so
87%
even
86%
in
86%
and
85%
D12
85%
it
85%
fuck
83%
em
82%
yo
82%
you
82%
you's
82%
but
81%
get
81%
man
81%
eminem
79%
god
79%
hold
79%
man
79%
slim
79%
up
79%
hands
78%
mic
78%
shady
78%
stage
78%
because
77%
it's
77%
that
77%
dude
76%
fuckin
76%
sup
76%
wanna
76%
him
74%
hot
74%
name's
74%
off
74%
oh
74%
right
74%
your
74%
ladies
73%
suck
73%
they're
73%
baby
71%
drop
71%
no
71%
blow
69%
I'll
69%
please
69%
we
69%
with
69%
becky
68%
cause
68%
he
68%
let
68%
every
67%
their
67%
walk
67%
jealous
65%
beat
64%
cock
64%
just
64%
shit
64%
once
63%
bras
62%
think
62%
after
60%
for
60%
panties
60%
what
60%
back
59%
especially
59%
marshall
59%
star
59%
take
59%
want
59%
who
59%
bus
58%
fucking
58%
now
58%
rock
58%
start
58%
was
58%
salsa
56%
salsa x4
56%
this
56%
why
55%
acapellas
54%
got
54%
show
54%
swear
54%
tour
54%
van
54%
by
53%
everybody
53%
fellas
53%
girl
53%
rest
53%
are
51%
how
51%
is
51%
night
51%
see
51%
two
51%
ass
50%
fight
50%
problem
50%
Dre
49%
not
49%
rap
49%
single
49%
some
49%
did
47%
from
47%
make
47%
need
47%
next
47%
shirts
47%
sibling
47%
thought
47%
throw
47%
told
47%
about
46%
one
46%
out
46%
proof
46%
read
46%
rivalry
46%
were
46%
babes
45%
girls
45%
interview
45%
knife
45%
ain't
44%
book
44%
Jessica
44%
light
44%
real
44%
shut
44%
can't
42%
come
42%
feel
42%
group
42%
had
42%
only
42%
steal
42%
than
42%
whats
42%
what's
42%
you're
42%
ask
41%
hey
41%
life
41%
pull
41%
say
41%
superman
41%
underpants
41%
us
41%
video
41%
wife
41%
bitch
40%
DJ
40%
going
40%
look
40%
other
40%
our
40%
pick
40%
room
40%
talk
40%
yelling
40%
at
38%
crew
38%
his
38%
love
38%
our
38%
something
38%
sound
38%
couldn't
37%
dressing
37%
instruments
37%
pretty
37%
smaller
37%
started
37%
time
37%
Alba's
36%
cut
36%
everybody's
36%
kuniva
36%
Kuniva
36%
simmons
36%
solo
36%
trying
36%
damn
35%
decimal
35%
getting
35%
guy
35%
imma
35%
retarded
35%
roxanne
35%
tell
35%
kinda
33%
music
33%
play
33%
way
33%
who's
33%
best
32%
gon
32%
hear
32%
hell
32%
lose
32%
russell
32%
sick
32%
simple
32%
while
32%
always
31%
backwards
31%
clue
31%
dance
31%
despise
31%
doin
31%
jacks
31%
jumping
31%
questions
31%
swift
31%
ups
31%
yeah
31%
punk
29%
supposed
29%
tried
29%
wrong
29%
50
28%
autograph
28%
liar
28%
makes
28%
own
28%
starts
28%
trynna
28%
world
28%
yourself
28%
bout
27%
guys
27%
late
27%
mics
27%
performance
27%
soundcheck
27%
yesterday
27%
big
26%
looking
26%
90
24%
called
24%
cute
24%
everytime
24%
Kon
24%
more
24%
sit
24%
smash
24%
sold
24%
vocals
24%
where's
24%
whipped
24%
10
23%
Artis
23%
bitches
23%
half
23%
arenas
22%
buff
22%
little
22%
loot
22%
made
22%
percent
22%
security
22%
thinkin
22%
where'd
22%
outta
21%
popularest
21%
ready
21%
screwed
21%
stomach
21%
til
21%
anyway
19%
beats
19%
carry
19%
fan
19%
map
19%
taking
19%
went
19%
flicks
18%
should
18%
singer's
18%
suggestions
18%
tears
18%
amusement
17%
apart
17%
intact
17%
Obie
17%
parks
17%
himself
15%
media
15%
crack
14%
area
13%
code
13%
dumbass
13%
protools
13%
acting
12%
bag
12%
boy
12%
raps
12%
funny
10%
snap
10%
ADAT
9%
slipped
9%
wrote
8%
hottest
5%
whatever
5%

Score Distribution

Percentile by Number Answered

Percent of People with Each Score

Your Score History

You have not taken this quiz